Commentary on the Paris Principles on national human rights institutions / (Record no. 6394)

MARC details
000 -LEADER
fixed length control field 01199cam a22003378i 4500
001 - CONTROL NUMBER
control field ocn954223899
003 - CONTROL NUMBER IDENTIFIER
control field TZ-ArACH
005 - DATE AND TIME OF LATEST TRANSACTION
control field 20210129125240.0
008 - FIXED-LENGTH DATA ELEMENTS--GENERAL INFORMATION
fixed length control field 161121s2016 enk 000 0 eng d
015 ## - NATIONAL BIBLIOGRAPHY NUMBER
National bibliography number GBB6J4409
Source bnb
016 7# - NATIONAL BIBLIOGRAPHIC AGENCY CONTROL NUMBER
Record control number 018121894
Source Uk
020 ## - INTERNATIONAL STANDARD BOOK NUMBER
International Standard Book Number 9781316633496
Qualifying information (pbk.)
020 ## - INTERNATIONAL STANDARD BOOK NUMBER
International Standard Book Number 1316633497
029 0# - (OCLC)
OCLC library identifier UKMGB
System control number 018121894
035 ## - SYSTEM CONTROL NUMBER
System control number (OCoLC)954223899
040 ## - CATALOGING SOURCE
Original cataloging agency UKMGB
Language of cataloging eng
Description conventions rda
Transcribing agency TZ-ArACH
049 ## - LOCAL HOLDINGS (OCLC)
Holding library TZAA
050 ## - LIBRARY OF CONGRESS CALL NUMBER
Classification number JC571
Item number .D4 2015
100 1# - MAIN ENTRY--PERSONAL NAME
Personal name De Beco, Gauthier,
Relator term author.
245 12 - TITLE STATEMENT
Title Commentary on the Paris Principles on national human rights institutions /
Statement of responsibility, etc Gauthier de Beco, Rachel Murray.
260 ## - PUBLICATION, DISTRIBUTION, ETC. (IMPRINT)
Place of publication, distribution, etc Cambridge :
Name of publisher, distributor, etc Cambridge University Press,
Date of publication, distribution, etc 2016.
300 ## - PHYSICAL DESCRIPTION
Extent x ; 202 p.
Dimensions 23 cm
504 ## - BIBLIOGRAPHY, ETC. NOTE
Bibliography, etc Bibliography, Index
610 20 - SUBJECT ADDED ENTRY--CORPORATE NAME
Corporate name or jurisdiction name as entry element United Nations.
Subordinate unit General Assembly.
Title of a work Principles relating to the status of national institutions.
650 #0 - SUBJECT ADDED ENTRY--TOPICAL TERM
Topical term or geographic name as entry element National human rights institutions.
9 (RLIN) 4491
650 #0 - SUBJECT ADDED ENTRY--TOPICAL TERM
Topical term or geographic name as entry element International law and human rights.
650 #7 - SUBJECT ADDED ENTRY--TOPICAL TERM
Topical term or geographic name as entry element International law and human rights.
Source of heading or term fast
650 #7 - SUBJECT ADDED ENTRY--TOPICAL TERM
Topical term or geographic name as entry element National human rights institutions.
Source of heading or term fast
9 (RLIN) 4491
700 1# - ADDED ENTRY--PERSONAL NAME
Personal name Murray, Rachel
Fuller form of name (Rachel H.),
Relator term author.
942 ## - ADDED ENTRY ELEMENTS (KOHA)
Source of classification or shelving scheme Library of Congress Classification
Koha item type Books
Holdings
Home library Current library Date acquired Full call number Barcode Koha item type
African Court on Human and Peoples' Rights Library African Court on Human and Peoples' Rights Library 29/01/2021 JC571 .D4 2016 10198628 Books
African Court on Human and Peoples' Rights Library African Court on Human and Peoples' Rights Library 29/01/2021 JC571 .D4 2016 10198636 Books

African Court on Human and Peoples' Rights | For Inquiries Contact » +255 272 510 510